Central Library OPAC University of Rajshahi

I am a camera : (Record no. 18712)

MARC details
000 -LEADER
fixed length control field 00681nam a22002292 4500
001 - CONTROL NUMBER
control field 18712
003 - CONTROL NUMBER IDENTIFIER
rucl marc code BD-RjUL
005 - DATE AND TIME OF LATEST TRANSACTION
control field 20211209000325.0
008 - FIXED-LENGTH DATA ELEMENTS--GENERAL INFORMATION
fixed length control field 140222s1945 enkaf 000 0 eng d
035 ## - SYSTEM CONTROL NUMBER
System control number (BD-RjUL)18770
040 ## - CATALOGING SOURCE
Original cataloging agency EMU
Transcribing agency EMU
Modifying agency UKM
-- BD-RjUL
Language of cataloging eng
041 ## - LANGUAGE CODE
Language code of text/sound track or separate title eng
082 04 - DEWEY DECIMAL CLASSIFICATION NUMBER
Classification number 822.91
Edition number 18
Author mark and year DRI 1945
090 ## - LOCALLY ASSIGNED LC-TYPE CALL NUMBER (OCLC); LOCAL CALL NUMBER (OCLC)
Classification number (OCLC) (R) ; Classification number, CALL (RLIN) (NR) PR6043.A48
Local cutter number (OCLC) ; Book number/undivided call number, CALL (RLIN) I13 1954
100 1# - MAIN ENTRY--PERSONAL NAME
Personal name Van Druten, John,
Dates associated with a name 1901-1957.
9 (RLIN) 57655
245 10 - TITLE STATEMENT
Title I am a camera :
Remainder of title a play in two acts /
Statement of responsibility, etc. by John Van Druten.
260 ## - PUBLICATION, DISTRIBUTION, ETC. (IMPRINT)
Place of publication, distribution, etc. London :
Name of publisher, distributor, etc. Evans Brothers,
Date of publication, distribution, etc. 1945.
300 ## - PHYSICAL DESCRIPTION
Pagination 177 p. :
Illustrations ill. ;
Size 22 cm.
490 0# - SERIES STATEMENT
Series statement Evans plays
500 ## - GENERAL NOTE
General note Adapted from the stories by Christopher Isherwood.
942 ## - ADDED ENTRY ELEMENTS (KOHA)
Source of classification or shelving scheme Dewey Decimal Classification
Koha item type Books
Holdings
Lost status Source of classification or shelving scheme Damaged status Not for loan Collection code Permanent Location Current Location Shelving location Date acquired Source of acquisition Total Checkouts Full call number Date last seen Copy number Koha item type
  Dewey Decimal Classification   Not For Loan Fiction Central Library, University of Rajshahi Central Library, University of Rajshahi Reading Room 13/02/1958 U. S. I. S.Dacca   822.91 DRI 1945 22/02/2014 C-1 Books